| 000 | 00553nam a22001697a 4500 | ||
|---|---|---|---|
| 003 | NUST | ||
| 038 | _aNusrat Nadeem | ||
| 082 | _a200 | ||
| 100 |
_aImran Muhammad _919349 |
||
| 245 |
_aDevelopment of Model Order Reduction Techniques for 1-D and 2-D Systems/ _cMuhammad Imran |
||
| 264 |
_aRawalpindi; _bMCS NUST; _c2022. |
||
| 300 |
_a362,p; _bill; _c30,cm. |
||
| 650 |
_aPh.D-Electrical Engineering _9124451 |
||
| 700 |
_aSuperviseor: Dr. Muhammad Imran _9124454 |
||
| 856 | _uhttp://10.250.8.41:8080/xmlui/handle/123456789/30121 | ||
| 942 |
_2ddc _cSC |
||
| 999 |
_c610309 _d610309 |
||